INTRODUCCION A LA ADMINISTRACION (Record no. 215861)

MARC details
000 -LEADER
fixed length control field 00549nam a22001937a 4500
008 - FIXED-LENGTH DATA ELEMENTS--GENERAL INFORMATION
fixed length control field 250709b |||||||| |||| 00| 0 eng d
020 ## - INTERNATIONAL STANDARD BOOK NUMBER
International Standard Book Number 978-607-481-032-5
050 ## - LIBRARY OF CONGRESS CALL NUMBER
Classification number JF 1355 .D34 2010
100 ## - MAIN ENTRY--PERSONAL NAME
Personal name DAFT, RICHARD L.
245 ## - TITLE STATEMENT
Title INTRODUCCION A LA ADMINISTRACION
250 ## - EDITION STATEMENT
Edition statement 6
260 ## - PUBLICATION, DISTRIBUTION, ETC.
Place of publication, distribution, etc. AUSTRALIA
Name of publisher, distributor, etc. CENGAGE LEARNING,
Date of publication, distribution, etc. 2010
300 ## - PHYSICAL DESCRIPTION
Extent XXXIV,622P.:ILL
500 ## - GENERAL NOTE
General note INCLUDES BIBLIOGRAPHICAL REFERENCES AND INDEX
650 ## - SUBJECT ADDED ENTRY
Topical term or geographic name entry element PUBLIC ADMINISTRATION
700 ## - ADDED ENTRY--PERSONAL NAME
Personal name MARCIC, DOROTHY
942 ## - ADDED ENTRY ELEMENTS (KOHA)
Source of classification or shelving scheme Library of Congress Classification
Koha item type Long Loan Book
Holdings
Withdrawn status Lost status Source of classification or shelving scheme Damaged status Not for loan Collection Home library Current library Shelving location Date acquired Inventory number Total checkouts Full call number Barcode Date last seen Copy number Price effective from Koha item type
    Library of Congress Classification     Arts & Social Sciences Kisii University Library Kisii University Library On Display 07/09/2025 108778   JF 1355 .D34 2010 000000023156 07/09/2025 1 07/09/2025 Long Loan Book
    Library of Congress Classification     Arts & Social Sciences Kisii University Library Kisii University Library On Display 07/09/2025 108779   JF 1355 .D34 2010 000000023155 07/09/2025 2 07/09/2025 Long Loan Book
    Library of Congress Classification     Arts & Social Sciences Kisii University Library Kisii University Library On Display 07/09/2025 109001   JF 1355 .D34 2010 000000023154 07/09/2025 3 07/09/2025 Long Loan Book
    Library of Congress Classification     Arts & Social Sciences Kisii University Library Kisii University Library On Display 07/09/2025 109002   JF 1355 .D34 2010 000000022751 07/09/2025 4 07/09/2025 Long Loan Book
    Library of Congress Classification     Arts & Social Sciences Kisii University Library Kisii University Library On Display 07/09/2025 109003   JF 1355 .D34 2010 000000022750 07/09/2025 5 07/09/2025 Long Loan Book